000 00789nam a2200205 i 4500
001 173368
003 ES-MaACL
005 20230906215225.0
008 091127s1956 pr |||| | eng d
080 _a338(729.5)"19"
080 _a32(729.5)"19"
100 1 _aPerloff, Harvey S.
_991293
245 1 3 _aEl futuro económico de Puerto Rico /
_cHarvey S. Perloff.
260 _aSan Juan de Puerto Rico :
_bDepartamento de Instrucción, Sección de Publicaciones e Impresos,
_c[1956]
300 _a136 p. ;
_c21 cm.
534 _pCondensación y rev. de la obra original, del mismo autor.
_tPuerto Rico's economic future.
651 4 _aPuerto Rico-
_xSituación económica.
_99291
710 1 _aPuerto Rico.
_bDepartamento de Instrucción Pública.
_96275
852 _aES-MaACL
_jC-57028
999 _c173368
_d173368